[Event "Regionalliga NW 1415"]
[Site "Bayern"]
[Date "2015.03.15"]
[Round "8.5"]
[White "Hefter, Franz"]
[Black "Becker, Alexander1111"]
[Result "1/2-1/2"]
[WhiteElo "1804"]
[BlackElo "1944"]
[PlyCount "42"]
[EventDate "2014.10.19"]
[EventType "team-tourn"]
[EventRounds "9"]
[EventCountry "GER"]
[SourceTitle "EXT 2018"]
[Source "ChessBase"]
[SourceDate "2017.10.13"]
[SourceVersion "1"]
[SourceVersionDate "2017.10.13"]
[SourceQuality "1"]
[WhiteTeam "Aschaffenburg Schweinheim"]
[BlackTeam "Kronach"]
[WhiteTeamCountry "GER"]
[BlackTeamCountry "GER"]

1. d4 Nf6 2. c4 g6 3. Nc3 d5 4. cxd5 Nxd5 5. e4 Nxc3 6. bxc3 Bg7 7. Bc4 c5 8. Be3 Nc6 9. Ne2 0-0 10. 0-0 Bg4 11. f3 Bd7 12. Qd2 Qa5 13. Rfd1 Rac8 14. Rac1 Rfd8 15. h3 Be8 16. d5 Ne5 17. Bb3 c4 18. Bc2 Ba4 19. Rb1 Bxc2 20. Qxc2 Rd7 21. Nd4 Nd3 1/2-1/2

[Event "Regionalliga NW 1415"]
[Site "Bayern"]
[Date "2015.01.18"]
[Round "5.5"]
[White "Weck, Hans"]
[Black "Hefter, Franz"]
[Result "1/2-1/2"]
[WhiteElo "1962"]
[BlackElo "1804"]
[PlyCount "40"]
[EventDate "2014.10.19"]
[EventType "team-tourn"]
[EventRounds "9"]
[EventCountry "GER"]
[SourceTitle "EXT 2018"]
[Source "ChessBase"]
[SourceDate "2017.10.13"]
[SourceVersion "1"]
[SourceVersionDate "2017.10.13"]
[SourceQuality "1"]
[WhiteTeam "Bad Neustadt"]
[BlackTeam "Aschaffenburg Schweinheim"]
[WhiteTeamCountry "GER"]
[BlackTeamCountry "GER"]

1. d4 Nf6 2. c4 g6 3. Nc3 c5 4. Nf3 Bg7 5. g3 0-0 6. Bg2 cxd4 7. Nxd4 a6 8. 0-0 Nc6 9. Nc2 d6 10. b3 Rb8 11. Bb2 Bd7 12. Nd5 Nxd5 13. Bxg7 Kxg7 14. cxd5 Ne5 15. h3 f6 16. Nd4 Qb6 17. Qd2 Rfc8 18. Rfc1 Rxc1+ 19. Rxc1 Rc8 20. Rxc8 Bxc8 1/2-1/2

[Event "Bayern-chI Bank Hofmann 12th"]
[Site "Bad Wiessee"]
[Date "2008.11.01"]
[Round "1"]
[White "Hefter, Franz"]
[Black "Teske, Henrik"]
[Result "0-1"]
[WhiteElo "2019"]
[BlackElo "2513"]
[PlyCount "48"]
[EventDate "2008.11.01"]
[EventType "swiss"]
[EventRounds "9"]
[EventCountry "GER"]
[SourceTitle "EXT 2009"]
[Source "ChessBase"]
[SourceDate "2008.11.26"]
[SourceVersion "1"]
[SourceVersionDate "2008.11.26"]
[SourceQuality "1"]

1. d4 Nf6 2. c4 c5 3. d5 b5 4. Nf3 e6 5. Bg5 b4 6. e4 d6 7. Bd3 Nbd7 8. h3 Be7 9. Qc1 0-0 10. 0-0 a5 11. Re1 Ne5 12. Nxe5 dxe5 13. Be3 Ne8 14. a4 f5 15. f4 fxe4 16. Bxe4 Nf6 17. Bc2 exf4 18. Bxf4 exd5 19. cxd5 Nxd5 20. Bb3 Bb7 21. Qe3 Kh8 22. Bxd5 Qxd5 23. Re2 Bf6 24. Nd2 Bd4 0-1

[Event "Regionalliga NW 0708"]
[Site "Bayern"]
[Date "2008.04.13"]
[Round "4.4"]
[White "Vogt, Thomas"]
[Black "Hefter, Franz"]
[Result "1/2-1/2"]
[WhiteElo "1936"]
[BlackElo "1894"]
[PlyCount "132"]
[EventDate "2007.10.21"]
[EventType "team-tourn"]
[EventRounds "9"]
[EventCountry "GER"]
[SourceTitle "EXT 2009"]
[Source "ChessBase"]
[SourceDate "2008.11.26"]
[SourceVersion "1"]
[SourceVersionDate "2008.11.26"]
[SourceQuality "1"]
[WhiteTeam "Wuerzburg II"]
[BlackTeam "Schweinheim"]
[WhiteTeamCountry "GER"]
[BlackTeamCountry "GER"]

1. e4 c6 2. d4 d5 3. Nc3 dxe4 4. Nxe4 Bf5 5. Ng3 Bg6 6. Nf3 Nd7 7. Bd3 Bxd3 8. Qxd3 e6 9. 0-0 Ngf6 10. c4 Qc7 11. Bd2 0-0-0 12. Ne4 Nc5 13. Nxc5 Bxc5 14. Rad1 Bd6 15. Qe2 Ng4 16. h3 Nh2 17. Rfe1 Nxf3+ 18. Qxf3 Rhg8 19. d5 exd5 20. cxd5 c5 21. b4 Kb8 22. bxc5 Qxc5 23. Rb1 Qc7 24. Rec1 Qd7 25. Rd1 Rge8 26. Rb3 Rc8 27. Rdb1 Rc7 28. Be3 Ka8 29. Bf4 f6 30. Bxd6 Qxd6 31. Re3 Rce7 32. Rxe7 Rxe7 33. Rc1 a6 34. Qd3 Rc7 35. Rxc7 Qxc7 36. g3 h6 37. d6 Qd7 38. Qd5 Ka7 39. Kh2 h5 40. h4 Kb6 41. a3 g6 42. a4 a5 43. Kg1 g5 44. hxg5 fxg5 45. Qxg5 Qxd6 46. Qb5+ Kc7 47. Qxa5+ b6 48. Qxh5 Qd4 49. Qh7+ Kb8 50. Qc2 Kb7 51. Qb3 Ka7 52. Kg2 Ka6 53. f4 Qe4+ 54. Kh3 Qf5+ 55. Kh4 Ka7 56. Qb5 Qf6+ 57. Kg4 Qg7+ 58. Kf3 Qc3+ 59. Kg2 Qc2+ 60. Kh3 Qh7+ 61. Kg4 Qg7+ 62. Qg5 Qd7+ 63. f5 Qd1+ 64. Kf4 Qc1+ 65. Kg4 Qd1+ 66. Kf4 Qc1+ 1/2-1/2

[Event "Regionalliga NW 0607"]
[Site "Bayern"]
[Date "2007.04.01"]
[Round "8.4"]
[White "Zoeller, Bernd"]
[Black "Hefter, Franz"]
[Result "1/2-1/2"]
[WhiteElo "1978"]
[BlackElo "1906"]
[PlyCount "71"]
[EventDate "2006.10.15"]
[EventType "team-tourn"]
[EventRounds "9"]
[EventCountry "GER"]
[SourceTitle "EXT 2008"]
[Source "ChessBase"]
[SourceDate "2007.11.25"]
[SourceVersion "1"]
[SourceVersionDate "2007.11.25"]
[SourceQuality "1"]
[WhiteTeam "Klingenberg"]
[BlackTeam "Schweinheim"]
[WhiteTeamCountry "GER"]
[BlackTeamCountry "GER"]

1. e4 c6 2. d4 d5 3. Nc3 dxe4 4. Nxe4 Bf5 5. Ng3 Bg6 6. Nf3 Nd7 7. h4 h6 8. h5 Bh7 9. Bd3 Bxd3 10. Qxd3 Ngf6 11. Bd2 e6 12. 0-0-0 Qc7 13. Ne4 Be7 14. g3 0-0-0 15. Qe2 Nxe4 16. Qxe4 c5 17. Bf4 Bd6 18. Bxd6 Qxd6 19. Ne5 Nxe5 20. dxe5 Qc7 21. f4 Rxd1+ 22. Rxd1 Rd8 23. Rd3 Rxd3 24. Qxd3 Qa5 25. Qe3 a6 26. c3 Qb5 27. Kc2 Qa4+ 28. Kc1 Qc6 29. Kc2 b6 30. Qd3 Kb7 31. Qd8 Qe4+ 32. Kc1 Qe3+ 33. Kc2 Qe2+ 34. Kc1 Qe1+ 35. Kc2 Qe4+ 36. Kc1 1/2-1/2

[Event "Regionalliga NW 0607"]
[Site "Bayern"]
[Date "2007.03.18"]
[Round "7.5"]
[White "Burgemeister, Wolfgang"]
[Black "Hefter, Franz"]
[Result "1-0"]
[WhiteElo "2035"]
[BlackElo "1906"]
[PlyCount "115"]
[EventDate "2006.10.15"]
[EventType "team-tourn"]
[EventRounds "9"]
[EventCountry "GER"]
[SourceTitle "EXT 2008"]
[Source "ChessBase"]
[SourceDate "2007.11.25"]
[SourceVersion "1"]
[SourceVersionDate "2007.11.25"]
[SourceQuality "1"]
[WhiteTeam "Nordhalben"]
[BlackTeam "Schweinheim"]
[WhiteTeamCountry "GER"]
[BlackTeamCountry "GER"]

1. Nf3 c5 2. g3 Nc6 3. d4 cxd4 4. Nxd4 g6 5. c4 Bg7 6. Nc2 Nf6 7. Bg2 0-0 8. Nc3 d6 9. 0-0 Be6 10. b3 Qd7 11. Bb2 Bh3 12. f3 Rab8 13. e4 a6 14. Qe2 Rfc8 15. Rad1 Bxg2 16. Kxg2 Na7 17. e5 Ne8 18. Nd5 Rc6 19. Ncb4 b5 20. Nxc6 Nxc6 21. cxb5 Rxb5 22. exd6 Nxd6 23. Bxg7 Kxg7 24. Rfe1 f6 25. Qe6 Qxe6 26. Rxe6 Kf7 27. Re2 Nf5 28. f4 Nfd4 29. Rxd4 Nxd4 30. Rxe7+ Kf8 31. Rd7 Nf5 32. Nxf6 Rc5 33. Nxh7+ Kg8 34. Nf6+ Kf8 35. Rd2 Kf7 36. Ne4 Rc6 37. g4 Ne3+ 38. Kf3 Nc2 39. Rd6 Rc7 40. Rxa6 Nd4+ 41. Ke3 Nc2+ 42. Kf2 Nd4 43. Ng5+ Ke7 44. Ke3 Nc2+ 45. Ke4 Nb4 46. Rxg6 Rc2 47. a3 Na2 48. h4 Re2+ 49. Kf5 Rd2 50. Re6+ Kd7 51. Re3 Nc1 52. Nf3 Rb2 53. h5 Nxb3 54. h6 Nc5 55. g5 Rb8 56. Ne5+ Kd6 57. Nf7+ Kd7 58. h7 1-0

[Event "Regionalliga NW 0607"]
[Site "Bayern"]
[Date "2006.12.10"]
[Round "4.5"]
[White "Hefter, Franz"]
[Black "Seidel, Michael"]
[Result "1-0"]
[WhiteElo "1906"]
[BlackElo "1940"]
[PlyCount "81"]
[EventDate "2006.10.15"]
[EventType "team-tourn"]
[EventRounds "9"]
[EventCountry "GER"]
[SourceTitle "EXT 2008"]
[Source "ChessBase"]
[SourceDate "2007.11.25"]
[SourceVersion "1"]
[SourceVersionDate "2007.11.25"]
[SourceQuality "1"]
[WhiteTeam "Schweinheim"]
[BlackTeam "Hof"]
[WhiteTeamCountry "GER"]
[BlackTeamCountry "GER"]

1. d4 Nf6 2. c4 g6 3. Nc3 Bg7 4. e4 d6 5. f3 0-0 6. Be3 e5 7. Nge2 c6 8. Qd2 Nbd7 9. 0-0-0 a6 10. g4 b5 11. Ng3 Qa5 12. Kb1 b4 13. Nce2 Nb6 14. Nc1 Nfd7 15. Nb3 Qa4 16. dxe5 Bxe5 17. f4 Bg7 18. Qxd6 Rb8 19. c5 Na8 20. Bc4 Re8 21. e5 Rb7 22. e6 fxe6 23. Bxe6+ Kh8 24. Bd4 Nf8 25. Bxg7+ Rxg7 26. Bxc8 Rxc8 27. f5 Nc7 28. Rhe1 Nd5 29. f6 Rd7 30. Qe5 Rf7 31. Ne4 Kg8 32. g5 Rcc7 33. Nd6 Rcd7 34. h4 Rxd6 35. cxd6 Qb5 36. Nd4 Qb7 37. Rd3 Nd7 38. Qe8+ Rf8 39. f7+ Kh8 40. Ne6 Nc3+ 41. Ka1 1-0

[Event "Regionalliga NW 0506"]
[Site "Bayern"]
[Date "2005.12.11"]
[Round "4.6"]
[White "Hefter, Franz"]
[Black "Menzel, Felix"]
[Result "1/2-1/2"]
[WhiteElo "1917"]
[BlackElo "1834"]
[PlyCount "112"]
[EventDate "2005.10.23"]
[EventType "team-tourn"]
[EventRounds "9"]
[EventCountry "GER"]
[SourceTitle "EXT 2007"]
[Source "ChessBase"]
[SourceDate "2006.11.23"]
[SourceVersion "1"]
[SourceVersionDate "2006.11.23"]
[SourceQuality "1"]

1. d4 d5 2. c4 e6 3. Nc3 Nf6 4. Bg5 Be7 5. e3 c6 6. Nf3 0-0 7. Rc1 Nbd7 8. Bd3 h6 9. Bh4 Nb6 10. Ne5 Nbd7 11. f4 Ne8 12. Bxe7 Qxe7 13. 0-0 Nd6 14. c5 Nf5 15. Qe2 Nxe5 16. fxe5 Qg5 17. Rce1 f6 18. exf6 Rxf6 19. Bxf5 exf5 20. Qf3 Be6 21. Ne2 Re8 22. Nf4 Bf7 23. Nd3 Re4 24. Ne5 Be8 25. Qg3 Qxg3 26. hxg3 g6 27. Rf4 Kg7 28. Rxe4 fxe4 29. Rf1 Rxf1+ 30. Kxf1 Kf6 31. Kg1 b6 32. b4 b5 33. Kh2 Kg5 34. Kh3 h5 35. Kh2 Kf5 36. g4+ hxg4 37. Kg3 Kg5 38. Nxg4 Bd7 39. Nf2 Bc8 40. Nd1 Bd7 41. Nc3 Bg4 42. Nb1 Bd7 43. Nd2 Bg4 44. Nb3 Bc8 45. Na5 Bd7 46. Nb7 Bc8 47. Nd8 Bd7 48. Nf7+ Kf5 49. Kh4 Kf6 50. Nd6 Be6 51. g4 g5+ 52. Kh5 Bd7 53. a3 a6 54. Kh6 Bxg4 55. Ne8+ Kf5 56. Nd6+ Kf6 1/2-1/2

[Event "Regionalliga NW 0506"]
[Site "Bayern"]
[Date "2005.10.23"]
[Round "1.6"]
[White "Hefter, Franz"]
[Black "Lechleitner, Walter"]
[Result "0-1"]
[WhiteElo "1880"]
[BlackElo "1964"]
[PlyCount "78"]
[EventDate "2005.10.23"]
[EventType "team-tourn"]
[EventRounds "9"]
[EventCountry "GER"]
[SourceTitle "EXT 2007"]
[Source "ChessBase"]
[SourceDate "2006.11.23"]
[SourceVersion "1"]
[SourceVersionDate "2006.11.23"]
[SourceQuality "1"]

1. d4 e6 2. c4 Nf6 3. Nc3 Bb4 4. e3 c5 5. Nf3 Nc6 6. Qc2 0-0 7. Be2 b6 8. 0-0 Bxc3 9. Qxc3 Ne4 10. Qc2 f5 11. a3 Bb7 12. b3 Rc8 13. Bb2 d6 14. Rad1 cxd4 15. Nxd4 Qe7 16. f3 Nf6 17. Qd2 Rcd8 18. Bd3 Kh8 19. Qe2 Ne5 20. Bb1 Ng6 21. Rd2 Nh5 22. Rfd1 a6 23. Qe1 Nh4 24. Nxe6 Nxf3+ 25. gxf3 Qxe6 26. Qf2 Rfe8 27. Re1 d5 28. Bd3 dxc4 29. Bxc4 Rxd2 30. Qxd2 Qc6 31. Be2 Nf6 32. Rc1 Qe6 33. Rc7 Ba8 34. Bd4 f4 35. Bc4 Qd6 36. Ra7 fxe3 37. Qc3 Bxf3 38. Rxg7 Kxg7 39. Bxf6+ Qxf6 0-1

[Event "Wuerzburg op Seniors 15th"]
[Site "Wuerzburg"]
[Date "2005.09.02"]
[Round "8"]
[White "Mueller, Siegmund"]
[Black "Hefter, Franz"]
[Result "1/2-1/2"]
[WhiteElo "1956"]
[BlackElo "1916"]
[PlyCount "87"]
[EventDate "2005.08.27"]
[EventType "swiss"]
[EventRounds "9"]
[EventCountry "GER"]
[SourceTitle "EXT 2007"]
[Source "ChessBase"]
[SourceDate "2006.11.23"]
[SourceVersion "1"]
[SourceVersionDate "2006.11.23"]
[SourceQuality "1"]

1. d4 Nf6 2. c4 g6 3. Nc3 d5 4. Nf3 Bg7 5. e3 0-0 6. Be2 b6 7. 0-0 Bb7 8. Qc2 Nc6 9. b3 Rc8 10. Ba3 Re8 11. Rad1 e6 12. Ne5 Ne7 13. c5 a6 14. f4 b5 15. Rf3 c6 16. Rh3 a5 17. Bc1 Rf8 18. Bd3 Ne8 19. Rf1 f5 20. Qf2 Nf6 21. Qh4 Rc7 22. Bd2 Rc8 23. Kh1 Ra8 24. Rg1 h5 25. Be2 Ng4 26. Qe1 Bf6 27. Rf3 Kg7 28. h3 Rh8 29. h4 Ng8 30. g3 Be7 31. Nd3 N8f6 32. Nf2 Ne4 33. Nfxe4 dxe4 34. Rff1 Qd7 35. Kg2 Rad8 36. Bc1 Kf7 37. a4 b4 38. Nd1 Ra8 39. Nb2 Nf6 40. Nc4 Qc7 41. Nb6 Ra7 42. Nc4 Ba6 43. Ne5+ Kg7 44. Bxa6 1/2-1/2

[Event "Wuerzburg op Seniors 15th"]
[Site "Wuerzburg"]
[Date "2005.08.28"]
[Round "3"]
[White "Braeutigam, Thomas"]
[Black "Hefter, Franz"]
[Result "1-0"]
[WhiteElo "2086"]
[BlackElo "1916"]
[PlyCount "63"]
[EventDate "2005.08.27"]
[EventType "swiss"]
[EventRounds "9"]
[EventCountry "GER"]
[SourceTitle "EXT 2007"]
[Source "ChessBase"]
[SourceDate "2006.11.23"]
[SourceVersion "1"]
[SourceVersionDate "2006.11.23"]
[SourceQuality "1"]

1. d4 Nf6 2. c4 g6 3. Nc3 c5 4. d5 d6 5. e4 Bg7 6. Bd3 0-0 7. Nge2 e6 8. 0-0 exd5 9. cxd5 a6 10. a4 Qc7 11. Ng3 Nbd7 12. h3 c4 13. Bc2 Nc5 14. Ra3 Bd7 15. a5 Bb5 16. Be3 Nfd7 17. f4 Nb3 18. Nxb5 axb5 19. Bxb3 cxb3 20. Qxb3 Rxa5 21. Rc1 Nc5 22. Qb4 Rfa8 23. e5 b6 24. Rxa5 Rxa5 25. exd6 Qd8 26. Bxc5 bxc5 27. Qxc5 Ra6 28. Ne4 f5 29. Qc8 Qxc8 30. Rxc8+ Kf7 31. Ng5+ Kf6 32. d7 1-0

[Event "Regionalliga NW 0405"]
[Site "Bayern"]
[Date "2004.10.24"]
[Round "1.6"]
[White "Hefter, Franz"]
[Black "Schleupner, Kurt"]
[Result "1-0"]
[WhiteElo "1866"]
[BlackElo "2020"]
[PlyCount "71"]
[EventDate "2004.10.24"]
[EventType "team-tourn"]
[EventRounds "9"]
[EventCountry "GER"]
[SourceTitle "EXT 2007"]
[Source "ChessBase"]
[SourceDate "2006.11.23"]
[SourceVersion "1"]
[SourceVersionDate "2006.11.23"]
[SourceQuality "1"]
[WhiteTeam "Schweinheim"]
[BlackTeam "Hof"]
[WhiteTeamCountry "GER"]
[BlackTeamCountry "GER"]

1. d4 Nf6 2. c4 c5 3. d5 g6 4. Nc3 Bg7 5. e4 d6 6. Bd3 0-0 7. Nge2 e6 8. 0-0 exd5 9. cxd5 a6 10. a4 Nbd7 11. f4 Qc7 12. h3 Rb8 13. Be3 Re8 14. Ng3 c4 15. Bc2 Nc5 16. Qf3 b5 17. axb5 axb5 18. e5 Nfd7 19. Nce4 Nxe4 20. Nxe4 dxe5 21. f5 f6 22. d6 Qd8 23. fxg6 hxg6 24. Ra7 Bb7 25. Rxb7 Rxb7 26. Nxf6+ Nxf6 27. Qxb7 Qxd6 28. Bxg6 Rb8 29. Qf7+ Kh8 30. Bc2 e4 31. Rf4 Nh7 32. Rh4 Ra8 33. Rxh7+ Kxh7 34. Bxe4+ Kh8 35. Qh5+ Kg8 36. Bd5+ 1-0

[Event "Pyramiden Franken Cup 4th"]
[Site "Fuerth"]
[Date "2001.08.26"]
[Round "9"]
[White "Hefter, Franz"]
[Black "Klein, Markus"]
[Result "1-0"]
[WhiteElo "1920"]
[BlackElo "1523"]
[PlyCount "85"]
[EventDate "2001.08.18"]
[EventType "swiss"]
[EventRounds "9"]
[EventCountry "GER"]
[SourceTitle "EXT 2010"]
[Source "ChessBase"]
[SourceDate "2010.11.25"]
[SourceVersion "1"]
[SourceVersionDate "2010.11.25"]
[SourceQuality "1"]

1. d4 d5 2. c4 c6 3. Nc3 Nf6 4. Nf3 dxc4 5. a4 Bf5 6. e3 e6 7. Bxc4 Bb4 8. 0-0 Nbd7 9. Qe2 0-0 10. e4 Bg4 11. Bd3 e5 12. Be3 Qa5 13. Rac1 Rac8 14. h3 Bh5 15. g4 Nxg4 16. hxg4 Bxg4 17. Qd1 exd4 18. Bxd4 Qh5 19. Be2 Bd6 20. e5 Nxe5 21. Nxe5 Bxe5 22. Bxe5 Rcd8 23. Bxg4 Qxe5 24. Qe2 Qg5 25. Ne4 Qg6 26. Ng3 f5 27. Bh3 Rf6 28. Rcd1 Re8 29. Qc4+ Kh8 30. Qf4 Ref8 31. Rd7 h5 32. Kh2 Kg8 33. Rg1 R6f7 34. Rxf7 Rxf7 35. Nxf5 Qf6 36. Rxg7+ Qxg7 37. Nh6+ Kf8 38. Qb8+ Ke7 39. Qxb7+ Kf8 40. Qc8+ Ke7 41. Qd7+ Kf6 42. Qe6+ Kg5 43. Nxf7+ 1-0

[Event "Pyramiden Franken Cup 4th"]
[Site "Fuerth"]
[Date "2001.08.25"]
[Round "8"]
[White "Schmitt, Werner"]
[Black "Hefter, Franz"]
[Result "1-0"]
[WhiteElo "1654"]
[BlackElo "1920"]
[PlyCount "89"]
[EventDate "2001.08.18"]
[EventType "swiss"]
[EventRounds "9"]
[EventCountry "GER"]
[SourceTitle "EXT 2010"]
[Source "ChessBase"]
[SourceDate "2010.11.25"]
[SourceVersion "1"]
[SourceVersionDate "2010.11.25"]
[SourceQuality "1"]

1. e4 c6 2. d4 d5 3. Nc3 dxe4 4. Nxe4 Bf5 5. Ng3 Bg6 6. Nf3 Nd7 7. Bd3 Bxd3 8. Qxd3 e6 9. 0-0 Ngf6 10. c4 Qc7 11. b3 Be7 12. Bb2 0-0 13. Qe2 Rfe8 14. Ne5 Rad8 15. Rfd1 c5 16. dxc5 Nxc5 17. Rxd8 Rxd8 18. Rd1 a6 19. Rxd8+ Qxd8 20. h3 h6 21. b4 Na4 22. c5 Qd5 23. a3 Qa2 24. Bc1 Qa1 25. Qe1 Nd5 26. Nd3 Bf6 27. Kh2 Qd4 28. Qe4 Qc3 29. Nh5 Bd4 30. f4 Qc4 31. Qf3 a5 32. f5 exf5 33. Qxf5 Ne7 34. Qd7 Qxd3 35. Qxe7 Qd1 36. Be3 Bb2 37. Qe8+ Kh7 38. Qxf7 Be5+ 39. Bf4 Bxf4+ 40. Nxf4 axb4 41. axb4 Qd4 42. Qf5+ Kg8 43. Nd5 Nb2 44. Ne7+ Kh8 45. Qf8+ 1-0

[Event "Pyramiden Franken Cup 4th"]
[Site "Fuerth"]
[Date "2001.08.18"]
[Round "1"]
[White "Hefter, Franz"]
[Black "Eiber, Manfred"]
[Result "0-1"]
[WhiteElo "1920"]
[BlackElo "2266"]
[PlyCount "98"]
[EventDate "2001.08.18"]
[EventType "swiss"]
[EventRounds "9"]
[EventCountry "GER"]
[SourceTitle "EXT 2010"]
[Source "ChessBase"]
[SourceDate "2010.11.25"]
[SourceVersion "1"]
[SourceVersionDate "2010.11.25"]
[SourceQuality "1"]

1. d4 d5 2. c4 e6 3. Nc3 f5 4. g3 Nf6 5. Nf3 c6 6. Bg2 Bd6 7. Bf4 Bxf4 8. gxf4 0-0 9. 0-0 Bd7 10. c5 Be8 11. b4 Ne4 12. Qc2 Rf6 13. h3 Bh5 14. Kh2 Bxf3 15. Bxf3 Rh6 16. Bg2 Qc7 17. e3 Nxc3 18. Qxc3 g5 19. f3 Nd7 20. Kh1 gxf4 21. e4 fxe4 22. fxe4 Nf6 23. e5 Nh5 24. Kh2 Qg7 25. Rg1 Qg3+ 26. Qxg3+ fxg3+ 27. Kh1 Nf4 28. Bf1 Rg6 29. a4 a6 30. Rb1 h5 31. Bg2 Ne2 32. Rgf1 Nxd4 33. Rfd1 Nf5 34. b5 Ne3 35. Re1 Nxg2 36. Kxg2 axb5 37. axb5 Ra2+ 38. Kg1 Rc2 39. bxc6 bxc6 40. Rb7 Rxc5 41. Ra1 Rg7 42. Ra8+ Kh7 43. Rbb8 d4 44. Rh8+ Kg6 45. Rac8 Rxe5 46. Rxc6 Kg5 47. Rd6 Re4 48. Kg2 Kh4 49. Ra6 Rf7 0-1

[Event "Unterfranken-ch M1 52th"]
[Site "Massbach"]
[Date "2001.??.??"]
[Round "?"]
[White "Jahrsdoerfer, Gerd"]
[Black "Hefter, Franz"]
[Result "1-0"]
[WhiteElo "2061"]
[BlackElo "1907"]
[PlyCount "85"]
[EventDate "2001.04.16"]
[EventType "swiss"]
[EventRounds "9"]
[EventCountry "GER"]
[SourceTitle "EXT 2015"]
[Source "ChessBase"]
[SourceDate "2014.11.20"]
[SourceVersion "1"]
[SourceVersionDate "2014.11.20"]
[SourceQuality "1"]

1. e4 c6 2. c4 d5 3. cxd5 cxd5 4. exd5 Nf6 5. Bb5+ Bd7 6. Bc4 g6 7. Nc3 Bg7 8. Qb3 b6 9. Nge2 0-0 10. 0-0 Bc8 11. d4 Ba6 12. Bf4 Bxc4 13. Qxc4 a6 14. Qc7 b5 15. d6 e6 16. Bg5 Nbd7 17. Qxd8 Rfxd8 18. Ng3 h6 19. Bf4 Nb6 20. Nge4 g5 21. Be5 Nxe4 22. Nxe4 Nc4 23. f4 gxf4 24. Nf6+ Bxf6 25. Bxf6 Rxd6 26. b3 Ne3 27. Rxf4 Rc8 28. Re1 Nd5 29. Rg4+ Kf8 30. Bg7+ Ke7 31. Bxh6 Rc2 32. h4 f5 33. Rg6 Kf7 34. h5 Nf6 35. Rg7+ Ke8 36. Rg6 Kf7 37. Rg7+ Ke8 38. Bg5 Ne4 39. Rxe4 fxe4 40. h6 Rd7 41. Rxd7 Kxd7 42. h7 Rc8 43. Bf6 1-0

[Event "Unterfranken-ch M1 52th"]
[Site "Massbach"]
[Date "2001.??.??"]
[Round "?"]
[White "Markert, Markus"]
[Black "Hefter, Franz"]
[Result "1/2-1/2"]
[WhiteElo "1784"]
[BlackElo "1907"]
[PlyCount "69"]
[EventDate "2001.04.16"]
[EventType "swiss"]
[EventRounds "9"]
[EventCountry "GER"]
[SourceTitle "EXT 2015"]
[Source "ChessBase"]
[SourceDate "2014.11.20"]
[SourceVersion "1"]
[SourceVersionDate "2014.11.20"]
[SourceQuality "1"]

1. e4 c6 2. Nc3 d5 3. d4 dxe4 4. Nxe4 Bf5 5. Ng3 Bg6 6. Nf3 Nd7 7. Bd3 Bxd3 8. Qxd3 e6 9. 0-0 Ngf6 10. b3 Be7 11. Bb2 0-0 12. Rad1 Qc7 13. c4 Rad8 14. Qc2 c5 15. Rfe1 cxd4 16. Nxd4 a6 17. Qb1 Rfe8 18. Nf3 Bb4 19. Re3 Bc5 20. Red3 Qb6 21. Qc2 Be7 22. Ng5 Nf8 23. Bd4 Qc7 24. Qb2 Qf4 25. Nf3 N8d7 26. h3 Nc5 27. R3d2 Nce4 28. Nxe4 Nxe4 29. Rd3 f6 30. b4 Qc7 31. Qb3 Kh8 32. c5 e5 33. Be3 Rxd3 34. Rxd3 Rd8 35. Nh4 1/2-1/2

[Event "GER-ch Seniors 12th"]
[Site "Bad Homburg"]
[Date "2000.08.06"]
[Round "9"]
[White "Hefter, Franz"]
[Black "Rost van Tonningen, Otto"]
[Result "0-1"]
[WhiteElo "1950"]
[BlackElo "2249"]
[PlyCount "54"]
[EventDate "2000.07.29"]
[EventType "swiss"]
[EventRounds "9"]
[EventCountry "GER"]
[SourceTitle "EXT 2002"]
[Source "ChessBase"]
[SourceDate "2001.11.25"]
[SourceVersion "1"]
[SourceVersionDate "2001.11.25"]
[SourceQuality "1"]

1. d4 Nf6 2. c4 c5 3. d5 b5 4. a4 Qa5+ 5. Bd2 b4 6. f3 d6 7. e4 g6 8. Na3 Bg7 9. b3 0-0 10. Rb1 Qd8 11. Nc2 e5 12. Bg5 h6 13. Bh4 a5 14. Ne3 Qe8 15. Bd3 Nh5 16. g4 Nf4 17. Ne2 f5 18. gxf5 gxf5 19. Rf1 Ra7 20. Bf2 Raf7 21. Qc2 Nxd3+ 22. Qxd3 fxe4 23. fxe4 Bh3 24. Nf5 Bxf5 25. exf5 Rxf5 26. Ng3 e4 27. Nxe4 Re5 0-1

[Event "GER-ch Seniors 12th"]
[Site "Bad Homburg"]
[Date "2000.08.01"]
[Round "4"]
[White "Hefter, Franz"]
[Black "Groenegress, Wilfried"]
[Result "0-1"]
[WhiteElo "1950"]
[BlackElo "2213"]
[PlyCount "78"]
[EventDate "2000.07.29"]
[EventType "swiss"]
[EventRounds "9"]
[EventCountry "GER"]
[SourceTitle "EXT 2002"]
[Source "ChessBase"]
[SourceDate "2001.11.25"]
[SourceVersion "1"]
[SourceVersionDate "2001.11.25"]
[SourceQuality "1"]

1. d4 Nf6 2. c4 e6 3. Nc3 Bb4 4. Bg5 h6 5. Bh4 c5 6. e3 Bxc3+ 7. bxc3 d6 8. Bd3 Qe7 9. Nf3 e5 10. e4 0-0 11. h3 Nc6 12. d5 Nb8 13. 0-0 Nbd7 14. Qe2 Re8 15. Nd2 g5 16. Bg3 Nf8 17. h4 Ng6 18. hxg5 hxg5 19. Qd1 Kg7 20. Be2 Rh8 21. f3 Nh5 22. Kf2 Bd7 23. Bh2 Nhf4 24. Rh1 Rh6 25. Bxf4 gxf4 26. Rxh6 Kxh6 27. Qg1 Qg5 28. Rd1 Qg3+ 29. Kf1 Nh4 30. Qf2 Rg8 31. Qxg3 Rxg3 32. Ke1 Rxg2 33. Nf1 Bh3 34. Rb1 Bc8 35. a4 f5 36. a5 fxe4 37. fxe4 f3 38. Bd1 Ra2 39. Rb5 Ng2# 0-1

[Event "Unterfranken-ch M2 51th"]
[Site "Sailauf"]
[Date "2000.04.26"]
[Round "4"]
[White "Hefter, Franz"]
[Black "Schricker, Jochen"]
[Result "0-1"]
[WhiteElo "1923"]
[BlackElo "1916"]
[PlyCount "66"]
[EventDate "2000.04.24"]
[EventType "swiss"]
[EventRounds "9"]
[EventCountry "GER"]
[SourceTitle "EXT 2015"]
[Source "ChessBase"]
[SourceDate "2014.11.20"]
[SourceVersion "1"]
[SourceVersionDate "2014.11.20"]
[SourceQuality "1"]

1. d4 e6 2. c4 b6 3. e4 Bb7 4. Bd3 f5 5. Qe2 Bb4+ 6. Bd2 Bxd2+ 7. Nxd2 Nf6 8. Ngf3 0-0 9. 0-0 g6 10. Rac1 Nc6 11. a3 Ne7 12. Rfe1 Re8 13. Qe3 Kg7 14. Nh4 fxe4 15. Nxe4 Nf5 16. Qg5 Nxe4 17. Qxd8 Raxd8 18. Bxe4 Nxh4 19. Bxb7 Nf5 20. Rcd1 c6 21. c5 b5 22. Ba6 Rb8 23. b3 Ne7 24. a4 bxa4 25. Rb1 axb3 26. Rb2 Rb4 27. Reb1 Reb8 28. Kf1 Nf5 29. Ke2 Ra4 30. Rd2 Rxa6 31. g4 Ne7 32. Kd3 Nd5 33. Ke4 Kf6 0-1